| 000 | 00674nam a2200205 i 4500 | ||
|---|---|---|---|
| 001 | 59292 | ||
| 003 | ES-MaACL | ||
| 005 | 20250816092951.0 | ||
| 007 | t| | ||
| 008 | 031028s1968 sp a e |||| | spa d | ||
| 245 | 0 | 0 |
_aEnciclopedia moderna del hogar / _c[traducción, Juan Vinyes]. |
| 260 |
_aBarcelona : _bBlume : _bNauta, _c[1968] |
||
| 300 |
_a3 v. : _bil. ; _c24 cm. |
||
| 505 | 8 |
_aContiene: I ; _tHogar y decoración - II ; _tLa vida cotidiana - III ; _tVida sana y moderna |
|
| 650 | 7 |
_aEconomía doméstica _2embne _9135945 |
|
| 650 | 0 | 4 |
_aDecoración interior. _911542 |
| 700 | 1 |
_aVinyes, Juan. _9115350 |
|
| 852 |
_aES-MaACL _jP-1380 |
||
| 999 |
_c59292 _d59292 |
||